| 000 | 00521nam a2200169Ia 4500 | ||
|---|---|---|---|
| 999 |
_c23140 _d23140 |
||
| 003 | OSt | ||
| 005 | 20200611101532.0 | ||
| 008 | 190216s9999||||xx |||||||||||||| ||und|| | ||
| 020 | _a9788178242026 | ||
| 040 | _coclc | ||
| 082 |
_a294.5 _bRAI/H |
||
| 100 |
_aRai, Mridu _92770 |
||
| 245 | 0 |
_aHindu Rulers, Muslim Subjects : _bIslam, Rights And The History Of Kashmir / _cMridu Rai |
|
| 260 |
_bPermanent Black, _c2004. _aRanikhet: |
||
| 300 | _a335p | ||
| 942 |
_cBK _2ddc _h294.5 _iRAI/H _k294.5 _mRAI/H |
||